[Event "USA-ch GpA"]
[Site "San Diego"]
[Date "2006.03.09"]
[Round "7"]
[White "Onischuk, Alexander"]
[Black "Schneider, Dmitry"]
[Result "1-0"]
[WhiteElo "2650"]
[BlackElo "2486"]
[Annotator "Dautov,R"]
[PlyCount "53"]
[EventDate "2006.03.02"]
[EventType "swiss"]
[EventRounds "9"]
[EventCountry "USA"]
[SourceTitle "CBM 112"]
[Source "ChessBase"]
[SourceDate "2006.06.07"]
[SourceVersion "1"]
[SourceVersionDate "2006.06.07"]
[SourceQuality "1"]

1. c4 e6 2. d4 d5 3. Nc3 c6 4. Nf3 dxc4 5. e3 b5 6. a4 Bb4 7. Bd2 a5 8. axb5
Bxc3 9. Bxc3 cxb5 10. b3 Bb7 11. bxc4 b4 12. Bb2 Nf6 13. Bd3 Nbd7 14. O-O O-O
15. Re1 Ne4 {Eine Idee von M.Krasenkow, die Hauptvarianten beginnen mit 15...
Re8.} (15... Re8 16. e4 e5) 16. Nd2 (16. Qc2 f5 17. c5 Bc6 $11) 16... Nxd2 (
16... f5 17. f3 Nxd2 18. Qxd2) 17. Qxd2 Qc7 18. c5 Rfb8 $5 $146 {Schwarz wählt
den taktischen Weg, er will schnell a5-a4 durchsetzen. Besser gefällt mir die
Stellungsbehandlung von M. Krasenkow, das Errichten der weißfeldrigen Blockade.
} (18... f5 $1 19. f3 Nf6 20. Bc4 (20. e4 $2 fxe4 21. fxe4 Ng4 $17) (20. Bb5 $5
Bc6 21. Ba4 $11) 20... Bd5 21. Bxd5 Nxd5 22. e4 $6 fxe4 23. fxe4 Nf6 24. h3 (
24. Re3 Ng4 25. Rg3 Rf4 $1 26. e5 Raf8 $36) 24... Qc6 25. Qd3 $6 a4 $17 {
Sadler,M (2660)-Krasenkow,M (2655)/Deutschland 1998}) 19. Rac1 Qc6 $2 {Die
Dame ist bekannterweise eine schlechte Blockadefigur, diese Regel trifft hier
völlig zu. Wohl oder übel mußte sich Schwarz auf taktische Verwicklungen
einlassen, die mit 19...a4 beginnen.} (19... a4 $1 20. c6 $1 (20. Qxb4 $4 Be4
$19) 20... Bxc6 21. Be4 (21. Qc2 $2 a3 $17) 21... Ra6 22. d5 $1 (22. Bxh7+ Kf8
23. Bd3 Rab6 24. d5 exd5 25. Bd4 Qd6 26. Bxb6 Rxb6 $15) 22... exd5 23. Qd4 Nf6
24. Bxh7+ Kxh7 25. Qd3+ Ne4 26. Qxa6 $13) 20. e4 a4 {Der beste Zeitpunkt für
diesen Zug wurde verpaßt, dennoch muß Schwarz zu ihm greifen, wenn er nicht
vollkommen in die Defensive verdrängt werden will.} ({Nach} 20... Nf6 21. Bb1
Rd8 22. Re3 $16 {ist Schwarz nicht zu beneiden, es ist nur die Frage der Zeit,
daß der Anziehende den Vorstoß d4-d5 durchsetzt.}) 21. Qxb4 Ba6 22. d5 $1 exd5
$2 {Die Stellung ist scharf, und Schneider findet nicht die beste Verteidigung.
Die Öffnung der e-Linie endet tödlich für Schwarz. Einzig mit 22...Qxc5!
könnte Widerstand geleistet werden.} (22... Rxb4 $2 23. dxc6 Bxd3 (23... Nxc5
24. Bxa6 Nxa6 25. Be5 f6 26. c7 Rc8 27. Red1 $16) 24. cxd7 Rxb2 25. c6 $18) (
22... Qxc5 $1 23. Qxc5 (23. Qd2 Qb4 24. Bc3 Qd6 $11) 23... Nxc5 24. Bxa6 Nxa6
25. Ba3 Rd8 26. Red1 $16) 23. exd5 $18 Qh6 (23... Rxb4 24. dxc6 Nxc5 25. Rxc5
Bxd3 26. c7 $18) (23... Qxc5 24. Qg4 $18) 24. Qxa4 Bb5 (24... Nxc5 25. Rxc5
Bxd3 26. Qd4 Bf5 27. d6 $18) 25. Qg4 Nxc5 26. Bxb5 Rxb5 27. Qe2 1-0

[Event "GRE-ch"]
[Site "Athens"]
[Date "2004.12.12"]
[Round "9"]
[White "Halkias, Stelios"]
[Black "Mastrovasilis, Dimitrios"]
[Result "1-0"]
[WhiteElo "2526"]
[BlackElo "2574"]
[Annotator "Dautov,R"]
[PlyCount "87"]
[EventDate "2004.12.04"]
[EventType "tourn"]
[EventRounds "9"]
[EventCountry "GRE"]
[EventCategory "10"]
[SourceTitle "CBM 105"]
[Source "ChessBase"]
[SourceDate "2005.04.11"]
[SourceVersion "1"]
[SourceVersionDate "2005.04.11"]
[SourceQuality "1"]

1. d4 d5 2. c4 c6 3. Nc3 e6 4. e4 Bb4 {Schwarz will das Slawische Gambit
vermeiden...} 5. Bd2 {...aber Weiß spielt weiter in Opferlaune. Als die beste
Fortsetzung gilt 5.cxd5.} dxc4 $1 {Die beste Antwort. Diesmal nimmt Schwarz
den aufgedrängten Bauern.} (5... dxe4 6. Nxe4 Qxd4 7. Bxb4 Qxe4+ {führt zum
Slawischen Gambit.}) (5... Ne7 6. a3 Bxc3 (6... Ba5 7. Nf3 $14) 7. Bxc3 dxe4 8.
Qg4 Nf5 9. Qxe4 Nd7 10. Nf3 O-O {Danilov,V-Cosma,I/Bucuresti 2001} 11. g4 $5
$36) (5... Bxc3 6. Bxc3 dxe4 7. Qg4 $14) 6. Qg4 $5 (6. Bxc4 Qxd4 (6... Nf6 7.
Qe2 Qxd4 8. Nf3 (8. e5 $1 Nd5 9. Nf3 Qb6 10. O-O $36 {/\ Ne4}) 8... Qd8 9. O-O
Nbd7 10. a3 (10. Rac1 $5) (10. Rfd1 Qc7 11. Rac1 O-O 12. Bd3 $44) 10... Be7 11.
Rac1 O-O 12. e5 Nd5 13. Rfd1 $44 {San Segundo,P-Shirov,A/Madrid 1996}) 7. Qe2
b5 8. Bb3 (8. Bd3 Nd7 9. Nf3 Qb6 10. a4 $36) 8... Nf6 9. Nf3 Qb6 10. O-O Nbd7
11. Rfe1 (11. e5 Bxc3 12. bxc3 Nd5 13. c4 bxc4 14. Bxc4 a5 15. Rab1 Qa7 16. Qe4
Ba6 17. Bxa6 Qxa6 18. Qg4 Kf8 19. Rfc1 $44 {Comas Fabrego,L-Godena,M/Mondariz
2000}) 11... Bxc3 12. Bxc3 b4 13. Bxf6 Nxf6 14. e5 Ba6 15. Qc2 Nd5 16. Qe4 Rd8
17. Rac1 h6 18. h4 Ne7 19. Red1 $44 {Najer,E-Timofeev,A/Russia (ch) 2003}) 6...
Bf8 {Eine riskante Entscheidung, denn der weiße Entwicklungsvorteil wird bald
gefährliche Ausmaße annehmen. Gesünder sieht 6...Nf6 aus.} (6... Nf6 7. Qxg7
Rg8 8. Qh6 Rg6 9. Qe3 Ng4 10. Qe2 Qxd4 11. Nf3 Qc5 12. a3 Ba5 13. h3 Nf6 14. e5
Bxc3 15. bxc3 Nd5 16. Qxc4 Qxc4 17. Bxc4 Rxg2 $13 {Cramling,D-Matros,A/Sweden
2000}) 7. Bxc4 Qxd4 8. Qe2 Qd8 9. Nf3 Nf6 {Im Vergleich zu San Segundo-Shirov
hat Weiß ein zusätzliches Mehrtempo, aber natürlich ist die schwarze Stellung
sehr fest.} 10. Rd1 Be7 $2 {Deutlich besser war 10...Nbd7, nach dem Textzug
erobert Weiß den Bauern zurück und kommt in Vorteil.} (10... Nbd7 11. e5 Nd5
12. O-O Be7 13. Qe4 $5 $44) 11. Bh6 Nbd7 12. Bxg7 Rg8 13. Bxf6 Bxf6 14. e5 Be7
15. O-O $16 Qc7 16. Ne4 $1 {Weiß setzt weiterhin auf Initiative. Einen klaren
Vorteil konnte er mit 16.Rfe1 behaupten.} (16. Rfe1 $1 b6 17. Qc2 Rg7 18. Ne4
$16) 16... Nxe5 17. Nxe5 Qxe5 18. f4 Qf5 (18... Qc7 19. f5 Qe5 20. Rde1 $40)
19. Qe3 Bd7 20. Nd6+ Bxd6 21. Rxd6 $44 {Weiß hat eine gefährliche Initiative.
Der schwarze König muß wohl oder übel lang rochieren, direkt in die Fesselung
auf der d-Linie.} Qc2 (21... O-O-O 22. Rfd1 Qa5 23. Qd3 Qc7 24. b4 $36) 22. Be2
Qxb2 23. Rfd1 O-O-O 24. Qd3 Qg7 $2 {Notwendig war 24...Qb6+ nebst 25...Qc7.} (
24... Qb6+ 25. Kh1 Qc7 26. Qxh7 $44) 25. g3 $2 {Verpaßt den schönen direkten
Gewinn.} (25. Bf3 $1 f5 26. Bxc6 $1 bxc6 27. Qa6+ Kb8 28. Rb1+ Kc7 29. Rd2 $18)
25... f5 26. Qe3 Qb2 $1 {Schwarz sucht die Rettung in einem Bauernendspiel.} (
26... Kb8 $5 27. Bc4 b6 28. Bxe6 (28. Qd3 Qe7 $1) 28... Bxe6 29. Rxd8+ Rxd8 30.
Rxd8+ Kc7 31. Rd2 Bd5 32. Kf2 $14) 27. Bc4 Qb6 28. Qxb6 axb6 29. Rxd7 Rxd7 30.
Bxe6 $18 Rgd8 31. Bxf5 Kc7 $2 {Danach ist der Gewinn trivial. Mit 31...b5!!
konnte sich Schwarz wahrscheinlich retten.} (31... b5 $3 32. a3 Kc7 33. Rxd7+
Rxd7 34. Bxd7 Kxd7 35. Kf2 Ke6 36. g4 c5 37. Ke3 h5 38. g5 (38. gxh5 Kf5 $11)
38... Kf5 39. h4 c4 40. Kd4 Ke6 41. Ke4 Kf7 42. f5 Kg7 43. g6 Kf6 44. Kf4 Kg7
45. Kg5 c3 46. f6+ Kg8 47. Kh6 c2 48. f7+ Kf8 49. Kh7 c1=Q 50. g7+ Kxf7 51.
g8=Q+ Ke7 52. Qg7+ Ke8 53. Qe5+ Kf8 54. Qf5+ Ke7 55. Qxh5 Qxa3 $11) 32. Rxd7+
Rxd7 33. Bxd7 Kxd7 34. a4 $1 {Das Bauernendspiel ist leicht gewonnen für Weiß.}
Ke6 35. Kf2 Kd5 36. Ke3 Kc4 37. f5 Kd5 38. Kf4 h6 39. g4 c5 40. h4 Kd6 41. g5
hxg5+ 42. hxg5 Ke7 43. Ke5 Kf7 44. f6 1-0

[Event "Moscow Aeroflot op-A"]
[Site "Moscow"]
[Date "2005.02.21"]
[Round "7"]
[White "Yermolinsky, Alex"]
[Black "Tkachiev, Vladislav"]
[Result "1-0"]
[WhiteElo "2570"]
[BlackElo "2609"]
[Annotator "Dautov,R"]
[PlyCount "91"]
[EventDate "2005.02.15"]
[EventType "swiss"]
[EventRounds "9"]
[EventCountry "RUS"]
[SourceTitle "CBM 106"]
[Source "ChessBase"]
[SourceDate "2005.06.06"]
[SourceVersion "1"]
[SourceVersionDate "2005.06.06"]
[SourceQuality "1"]

1. Nf3 d5 2. c4 c6 3. d4 Nf6 4. Nc3 dxc4 5. a4 e6 {Diese Hybride aus Slawisch
und Wiener Variante kam seit der WM-Partie Leko-Kramnik in Mode.} 6. e4 (6. e3
c5 7. Bxc4 Nc6 8. O-O cxd4 9. exd4 Be7 10. Be3 O-O 11. Ne5 Nb4 12. a5 Bd7 $11 {
Leko,P-Kramnik,V/Brissago 2004}) 6... Bb4 7. e5 {Eine scharfe Fortsetzung,
Weiß opfert einen Bauern.} Nd5 8. Bd2 b5 9. Be2 {Weiß hat es nicht eilig, das
Geschehen zu forcieren, und entwickelt sich vorerst.} ({Die andere logische
Variante lautet} 9. axb5 Bxc3 10. bxc3 cxb5 11. Ng5 $44) 9... Be7 $146 (9...
Bxc3 10. bxc3 O-O (10... Bb7 11. Qb1 Qd7 (11... a6 12. Bxc4 $16) 12. Ng5 $44)
11. Qb1 Qe8 12. h4 a6 13. Ng5 f5 14. exf6 Nxf6 15. Bf3 e5 16. O-O $44 {Dao
Thien Hai-Ngo Ngoc Quang/Thua Thien Hue 2000}) (9... Nxc3 10. bxc3 Be7 11. Qb1
a6 12. Qe4 Bb7 13. O-O O-O 14. Rfb1 Qd5 15. Qg4 $44 {Dao Thien Hai-Le Dinh,T/
Vung Tau 2002}) 10. Qb1 b4 $6 {Dies schwächt zu sehr den Bauern c4. Schwarz
sollte zwischen 10...Ba6 und 10...a6 wählen.} (10... Ba6 $5) (10... a6 $5) 11.
Ne4 Ba6 12. Bg5 $5 (12. O-O c3 13. Bxa6 cxb2 14. Qxb2 Nxa6 15. Qc2 $44) 12...
O-O $2 {Ein Fehler, der Weiß erlaubt, das Schlüsselfeld c5 mit einem Springer
zu besetzen.} (12... f6 13. exf6 gxf6 14. Bh6 {verschlechtert die
Bauerstruktur von Schwarz, dennoch sollte er diese Variante wählen, z.B.} c3
15. Bxa6 (15. bxc3 $4 Bxe2 16. Kxe2 f5 $19) 15... cxb2 16. Qxb2 Nxa6 17. O-O
Qd7 18. Rac1 $44) 13. Bxe7 $14 Qxe7 (13... Nxe7 14. Nc5 (14. Neg5 $5 g6 15. Ne4
Nf5 16. Qd1 Nd7 17. Rc1 $14) 14... Qa5 15. Qc2 $14) 14. Nc5 Rd8 $6 {Ein paar
Züge später wird diese Ungenauigkeit dazuführen, daß Schwarz den Vortsoß c6-c5
auf vernünftige Art nicht durchsetzen kann. Stattdessen sollte Tkachiev
schleunigst 14...Bc8 nebst 15...Nd7 spielen.} (14... Nf4 15. Bf1 $14 {/\Qe4}) (
14... Bc8 $1 15. Bxc4 Nd7 $14 16. Ne4 c5) 15. Qc1 Bc8 16. Bxc4 Nd7 17. Ne4 $1
$16 {Weiß hat den Bauern zurückgewonnen und behält selbstverständlich den
Springer auf dem Brett, um ihm die Fortsetzung seiner Karriere auf d6 zu
ermöglichen.} Bb7 (17... a5 18. O-O Ba6 19. Rd1 Bxc4 20. Qxc4 Rdc8 21. Rac1 $16
) 18. Nd6 Rab8 19. O-O c5 $2 {Schwarz opfert verzweifelt einen Bauern, um sich
aus seiner mißlichen Lage zu befreien, aber die erhoffte Kompensation bleibt
aus.} (19... Ba8 $16) 20. dxc5 Ba8 21. Re1 $18 b3 (21... Nc7 22. Qe3 Bxf3 23.
Qxf3 Nxc5 24. Qc6 N5a6 25. Bxa6 Rb6 26. Qc4 Rxa6 27. Rac1 $18) 22. Bxd5 (22.
Nd4 $1 $18) 22... Bxd5 23. Qe3 Rb4 24. Rac1 {/\c6} Nb8 25. Nd4 Nc6 26. Nxc6
Bxc6 27. a5 {Die Partie ist gelaufen, Yermolinsky bringt seinen Vorteil sicher
nach Hause.} h6 28. f3 Qc7 29. a6 (29. Ra1 $5 Bd5 30. Rec1 $18) 29... Bd5 30.
Ra1 Rdb8 31. Rec1 Qd7 32. h3 Qc6 33. Kh2 Rf8 34. Rc3 Rfb8 35. Rd1 Ra4 (35...
Qxa6 $5 $16) 36. Rd4 Rbb4 $2 (36... Rxd4 37. Qxd4 Qxa6 $16) 37. Qf4 $1 Rxd4 38.
Qxf7+ Kh7 39. Ne8 Qxe8 40. Qxe8 Ra2 41. f4 Bxg2 42. Kxg2 Rxb2+ 43. Kg3 Rb1 44.
Qxe6 Rg1+ 45. Kf2 b2 46. Rb3 1-0

[Event "Moscow Aeroflot op-A"]
[Site "Moscow"]
[Date "2005.02.17"]
[Round "3"]
[White "Filippov, Valerij"]
[Black "Aronian, Levon"]
[Result "1-0"]
[WhiteElo "2621"]
[BlackElo "2684"]
[Annotator "Dautov,R"]
[PlyCount "63"]
[EventDate "2005.02.15"]
[EventType "swiss"]
[EventRounds "9"]
[EventCountry "RUS"]
[SourceTitle "CBM 106"]
[Source "ChessBase"]
[SourceDate "2005.06.06"]
[SourceVersion "1"]
[SourceVersionDate "2005.06.06"]
[SourceQuality "1"]

1. c4 e6 2. Nc3 d5 3. d4 Bb4 4. a3 {Die prinzipiellste Antwort. Weiß möchte
mit Zugumstellung eine für ihn günstige Variante des Nimzoindisch erreichen.}
Bxc3+ 5. bxc3 b6 $5 {Ein sehr seltener Zug. Aronian plant mit Ba6 den
sofortigen Angriff auf den Bauern c4.} ({Nach} 5... Nf6 6. e3 O-O 7. cxd5 exd5
8. Bd3 c5 9. Ne2 b6 10. O-O $14 {hat Weiß eine leicht bessere Stellung aus dem
Nimzoindisch und damit sein Ziel erreicht.}) ({Sehr verbreitet ist die
Entwicklung} 5... Ne7 6. e3 O-O 7. Bd3 c5 8. Nf3 {, z.B.} h6 9. O-O Qc7 10. Qe2
Nd7 11. a4 Re8 12. e4 dxe4 13. Qxe4 Ng6 14. Re1 $14 {Khenkin,I-Godena,M/Ischia
1996}) 6. cxd5 (6. e3 Ba6 $11) (6. Nf3 Ba6 (6... Nf6 $5) 7. cxd5 exd5 8. Bg5
$14) 6... exd5 7. c4 $5 {Ein zweischneidiges Bauernopfer. Zu seinem Läuferpaar
bekommt Weiß ein mobiles Bauernzentrum.} (7. e3 $5) 7... dxc4 8. e4 $5 ({
Sicherer, aber ungefährlicher für Schwarz ist} 8. Qa4+ c6 9. Qxc4 Ba6 10. Qc3
Nf6 {, und Schwarz wird dank seinem Entwicklungsvorsprung keine Sorgen haben,
z.B.,} 11. Nf3 O-O 12. Bg5 Ne4 13. Bxd8 Nxc3 $11) 8... Ba6 {Besser war m.E.
das konsequente Halten des Mehrbauern mittels 8...b5.} (8... b5 9. a4 c6 10.
Nf3 (10. axb5 cxb5 11. Qh5 Qxd4 12. Qxb5+ Bd7 $15) 10... Nf6 $13) 9. Nf3 Nf6
10. Qc2 c5 $2 {[%mdl 512] Auch hier war 10...b5 angezeigt. Mit dem Textzug
plant Aronian ein Figurenopfer, das sich als unzureichend erweisen wird.} (
10... b5 $1 11. a4 c6 12. axb5 (12. Be2 O-O 13. e5 Nd5 14. Ng5 g6 $13) 12...
cxb5 13. Ba3 Qa5+ 14. Nd2 Nc6 (14... b4 $2 15. Bb2 $16) 15. Bb2 Qb6 $13) 11. e5
cxd4 $2 (11... Nd5 $142 12. Bxc4 Bxc4 13. Qxc4 cxd4 14. Nxd4 O-O 15. O-O Qd7
$14) 12. exf6 O-O 13. Bxc4 Re8+ 14. Kd1 Qxf6 15. Qa4 $16 {Schwarz hat
eindeutig nicht genug für das geopferte Material, zumal seine Figuren nicht
einmal besser entwickelt sind. Der weiße König fühlt sich recht sicher auf d1.}
Rc8 (15... b5 16. Bxb5 Bxb5 17. Qxb5 Nc6 18. Ra2 Rab8 19. Qd3 $16) 16. Re1 b5
17. Bxb5 Bb7 18. Bb2 Nd7 $6 (18... Bxf3+ 19. gxf3 Qxf3+ 20. Be2 Qf5 (20... Qxf2
21. Qxd4 $18) 21. Rc1 $16) 19. Bxd4 (19. Qxd4 Bxf3+ 20. gxf3 Qxf3+ 21. Kd2 Nf6
22. Bd3 $18) 19... Bxf3+ 20. gxf3 Qxf3+ 21. Be2 $18 Qd5 22. Rg1 Ne5 23. Ke1 g6
24. Rd1 Qe4 25. Qb3 Re8 26. Kf1 Red8 27. Qe3 Qxe3 28. Bxe3 Rxd1+ 29. Bxd1 Nc4
30. Bc1 Rd8 31. Be2 Rc8 32. Rg3 1-0

[Event "Bundesliga 0506"]
[Site "Germany"]
[Date "2005.11.13"]
[Round "4.3"]
[White "Sokolov, Ivan"]
[Black "Baramidze, David"]
[Result "0-1"]
[WhiteElo "2696"]
[BlackElo "2542"]
[Annotator "Dautov,R"]
[PlyCount "116"]
[EventDate "2005.10.21"]
[EventType "team-tourn"]
[EventRounds "15"]
[EventCountry "GER"]
[SourceTitle "CBM 110"]
[Source "ChessBase"]
[SourceDate "2006.01.31"]
[SourceVersion "1"]
[SourceVersionDate "2006.01.31"]
[SourceQuality "1"]
[WhiteTeam "Porz"]
[BlackTeam "Solingen"]
[WhiteTeamCountry "GER"]
[BlackTeamCountry "GER"]

1. d4 d5 2. c4 e6 3. Nc3 Be7 4. cxd5 exd5 5. Bf4 c6 6. e3 Bd6 {Nach diesem
Tempoverlust kann Weiß mit einem leichten Vorteil rechnen.} 7. Bg3 Ne7 8. Nf3
Nf5 (8... Bf5 9. Qb3 b6 10. Be2 O-O 11. Rc1 Bxg3 12. hxg3 Nd7 13. O-O Re8 14.
Rfd1 h6 15. Ba6 Qb8 16. Qb4 b5 17. a4 bxa4 18. Qa3 Qb3 $11 {Doettling,F (2532)
-Baramidze,D (2456)/Pulvermuehle 2004}) 9. Bd3 {Der Plan von Weiß ist mit der
langen Rochade verbunden, deswegen ist 9.Qc2 etwas genauer.} (9. Qc2 Nxg3 10.
hxg3 g6 11. O-O-O Kf8 12. e4 dxe4 13. Nxe4 Bf5 14. g4 Bxe4 15. Qxe4 Nd7 16. Ne5
Qe7 17. f4 $16 {Milov,V (2652)-Rustemov,A (2564)/Bastia 2005}) 9... Nxg3 10.
hxg3 Nd7 11. Qc2 Nf6 12. O-O-O h6 13. Nh4 ({In Frage kommt die schnelle
Öffnung des Zentrums:} 13. Kb1 Bd7 14. e4 $5 dxe4 15. Nxe4 Nxe4 16. Bxe4 Qc7
17. Ne5 Bxe5 18. dxe5 O-O-O 19. f4 $14 {Milov,V (2574)-Burmakin,V (2569)/
Geneve 2003}) 13... Bg4 14. f3 Be6 15. g4 Qc7 16. Nf5 Rg8 17. Kb1 O-O-O 18.
Nxd6+ Qxd6 19. Rc1 $14 {Die Eröffnung brachte Weiß einen leichten, aber
langfristigen Vorteil. Vor allem der Bauer g4 ist stark, er schränkt das
Gegenspiel von Schwarz ein.} Kb8 20. Na4 Rge8 21. Qd2 Re7 22. Rc3 Rde8 23. Rb3
Bc8 24. Re1 b6 25. Nc3 {Ivan plant den Marsch seines Randbauerns. In Frage kam
die Überführung des weißen Springers nach a6.} (25. Nc5 $5 Ka8 26. Na6 g6 27.
Ra3 h5 (27... Bb7 28. Ka1 $14) 28. gxh5 Nxh5 29. Nb4 $14 {/\Rc1}) 25... Bd7 26.
a4 (26. Ba6 $14 c5 $6 27. Nb5 Bxb5 28. dxc5 Qxc5 29. Rxb5 Qd6 30. Rc1 $16)
26... c5 $1 {Schwarz sucht nach Gegenspiel, das passive Abwarten war zu
gefährlich.} 27. Nb5 (27. dxc5 $2 Qxc5 $15) 27... Bxb5 28. Bxb5 Rc8 29. Ba6 Rc6
{/\c4} 30. dxc5 Rxc5 31. e4 $1 {Weiß nutzt gerne die Chance, seinen schwachen
Bauern e3 in einen starken umzuwandeln.} Ne8 32. e5 Qd8 33. Qd4 {Sehr
natürlich sah 33.a5! aus.} (33. a5 $1 Nc7 (33... Re6 34. f4 Nc7 35. Bd3 $14)
34. Bd3 Ne6 35. axb6 axb6 36. Qb4 $14) 33... Ka8 34. Rd1 $6 ({Stärker war} 34.
Rb5 $1 Rxb5 (34... Rec7 35. Rd1 $16) (34... Nc7 35. Rxc5 bxc5 36. Qxc5 Nxa6 37.
Qc6+ Rb7 38. Qxa6 $16) 35. Bxb5 Nc7 36. Bc6+ Kb8 37. a5 $14) 34... f6 $1 35. e6
$2 {Offensichtlich hat sich Sokolov irgendwo verrechnet.} (35. exf6 Nxf6 $11)
35... Rxe6 36. Bb7+ Kb8 37. Bxd5 Rxd5 38. Qxd5 Rd6 39. Rbd3 $4 {[%mdl 8192]
Dieser Blunder ist schwer zu erklären.} (39. Qxd6+ Nxd6 40. Rbd3 Kc7 (40... Qe8
41. Rxd6 Qxa4 42. R6d4 $11) 41. Rc3+ Kb7 42. Rcd3 $11) 39... Rxd5 40. Rxd5 Qe7
$19 41. Rd7 Qe6 42. R1d4 a5 43. f4 Kc8 44. Rd8+ Kc7 45. f5 Qe7 46. R8d5 Kc6 47.
Rd8 Kc7 48. R8d5 Kc8 49. Ka1 Nc7 50. Rd6 Na6 51. Rxb6 Qe1+ 52. Ka2 Nb4+ 53. Kb3
Qe3+ 54. Kc4 Qe2+ 55. Kb3 Qc2+ 56. Ka3 Qc5 57. Rdxb4 axb4+ 58. Rxb4 Qg1 0-1

[Event "FIDE World Cup 13-16"]
[Site "Khanty-Mansiysk"]
[Date "2005.12.12"]
[Round "6.1"]
[White "Dreev, Alexey"]
[Black "Sakaev, Konstantin"]
[Result "1-0"]
[WhiteElo "2694"]
[BlackElo "2668"]
[Annotator "Dautov,R"]
[PlyCount "77"]
[EventDate "2005.11.27"]
[EventType "k.o."]
[EventRounds "7"]
[EventCountry "RUS"]
[SourceTitle "CBM 111"]
[Source "ChessBase"]
[SourceDate "2006.04.04"]
[SourceVersion "1"]
[SourceVersionDate "2006.04.04"]
[SourceQuality "1"]

1. d4 {[%mdl 8]} d5 2. c4 c6 3. Nc3 e6 4. e4 dxe4 5. Nxe4 Bb4+ 6. Bd2 Qxd4 7.
Bxb4 Qxe4+ 8. Be2 Na6 9. Ba5 f6 10. Nf3 (10. Qd8+ Kf7 11. O-O-O $13) 10... b6
11. Bc3 Ne7 12. O-O O-O (12... e5 13. Nxe5 $5 fxe5 14. Bh5+ g6 15. Re1 Qh4 16.
Rxe5 gxh5 17. Qd6 Bd7 $2 (17... O-O $1 18. g3 Qf6 $11) 18. Rd1 O-O-O 19. Rxe7
Rhf8 20. f3 Qxc4 21. Rxd7 $16 {Najer,E (2615)-Geller,J (2496)/Sochi 2005}) 13.
Re1 e5 (13... Qf4 $6 14. b4 Qc7 15. Bd3 Rf7 16. Qc2 h6 17. a3 (17. Rad1 $1 Bd7
18. c5 b5 19. Qe2 e5 20. Bxe5 fxe5 21. Nxe5 Nd5 22. Nxf7 Kxf7 23. Bxb5 $16)
17... Bd7 18. Re3 $6 (18. c5 Qb7 19. Qe2 Nc7 20. Qe4 g6 $13) (18. Rad1 $1 Rd8
19. Qe2 $44) 18... Nf5 19. Re2 Rd8 20. Rae1 $44 {Cvitan,O (2481)-Kharlov,A 
(2628)/Warsaw 2005}) 14. b4 $1 (14. Bd3 Qg4 15. Qc2 Bf5 16. h3 Qg6 17. Bxf5
Qxf5 $17 {Volkov,S (2629)-Timofeev,A (2591)/playchess.com 2004}) 14... Bf5 15.
Qa4 Nc7 16. Rad1 $146 {Der erste neue Zug in dieser populären Variante. Weiß
hat ohne Zweifel Kompensation, dennoch sollte Schwarz mit seinen gut
entwickelten Figuren nicht schlechter stehen.} (16. Bf1 Qg4 $1 (16... Qf4 $2
17. Nxe5 $1 (17. Bd2 Qg4 18. h3 Qg6 19. Nh4 Qe8 20. f4 Qd7 21. Bc3 $44 {
Volkov,S (2636)-Smirnov,P (2539)/Panormo 2002}) 17... fxe5 18. Bxe5 Qd2 19.
Rad1 $16)) 16... Ne6 {Ein normaler Zug, aber auch 16...a6 verdient Beachtung.}
17. Rd6 Rfd8 18. Nd2 Qh4 {In Frage kam auch 18...Qf4.} (18... Qf4 19. Rxd8+
Nxd8 20. Bf3 Ne6 21. Ne4 (21. Qa6 Ng5 $17) 21... Bxe4 22. Bxe4 Ng5 23. Bxc6 Rd8
24. b5 Rc8 $11) 19. Rxd8+ Nxd8 20. Bf3 Ne6 {Sakaev erlaubt das Eindringen der
weißen Dame nach b7 und setzt auf sein Gegenspiel im Zentrum.} (20... a6 21. g3
Qg5 22. b5 $44) (20... a5 21. bxa5 bxa5 22. Nb3 $44) 21. Qa6 Ng5 {Kein schöner
Zug, denn bald wird der Springer zurückkehren müssen. Andererseitsi ist es
nicht leicht, die beste Fortsetzung für Schwarz zu finden, während die weißen
Angriffsideen auf der Hand liegen.} (21... Nd4 22. Qb7 Re8 23. Be4 Qg5 24. Qxa7
b5 25. a4 $14) (21... Kf8 22. b5 $1 (22. Qb7 $2 Rd8 23. Qxa7 Rd3 $17) 22... Nc5
23. Qa3 Rc8 (23... a5 $5 24. g3 Qh6 25. bxc6 Rc8 $13) (23... Bg4 24. Be4 Kf7
25. bxc6 $14) 24. g3 Qg5 25. Qxa7 Nd3 26. Re3 cxb5 27. Rxd3 $1 Bxd3 28. Bb4 f5
29. Qd7 $18) (21... Nf4 22. Qb7 Re8 23. g3 $1 Nh3+ 24. Kg2 Qg5 25. Qxa7 Nf4+
26. Kg1 b5 27. a4 $14) 22. Qb7 Re8 23. Be2 Ne6 (23... c5 24. bxc5 bxc5 25. Qxa7
Ne6 26. Bf3 $14) 24. g3 $14 Qh6 25. Qxa7 Nd4 $2 {Weiß gewann den Bauern zurück,
und es war höchste Zeit, das Gegenspiel in der d-Linie zu starten- 25...Nc8!
nebst 26...Rd8.} (25... Nc8 $1 26. Qd7 Rd8 27. Qxc6 Nd4 28. Qc7 Nxe2+ 29. Rxe2
Rd3 30. Nf1 Bh3 $44) 26. Qxb6 Nxe2+ 27. Rxe2 $16 {Hier hat Schwarz kein
vollwertiges Gegenspiel auf den weißen Feldern.} Qh3 28. f3 h5 29. a4 h4 30.
Qf2 hxg3 31. hxg3 Bd3 32. Re1 Qe6 33. b5 $2 {Die letzten Züge geschahen sicher
in Zeitnot, und beide Gegner waren nicht auf der Höhe.} (33. f4 $1 $16) 33...
cxb5 34. cxb5 Rc8 35. Bb4 Nd5 36. Ba5 Rc2 $11 37. b6 Rb2 (37... Qc6 $1 $15) 38.
Qd4 Qh3 $4 (38... Qxb6 39. Qxb6 Nxb6 $11) 39. Qxd5+ 1-0